| 000 | 00847nam a22002177a 4500 | ||
|---|---|---|---|
| 005 | 20100724105912.0 | ||
| 010 | _aENG-96465 | ||
| 020 |
_a8124604630 _c690.00 |
||
| 020 |
_a9788124604632 _c690.00 |
||
| 035 | _aEN-79998 | ||
| 037 | _bDBAD/PUB | ||
| 082 | _a230.5513 | ||
| 100 | _aFurlinger, Ernst | ||
| 245 |
_aThe touch of Sakti: _cby Ernst Furlinger _ba study in non-dualistic Trika Saivism of kashmir / |
||
| 260 |
_aNew Delhi _bD.K.Printworld _c2009 |
||
| 270 |
_aF-12,Bali Nagar,Ramesh Nagar Metro Station _bNew Delhi _e110015 |
||
| 300 |
_axxii,288p.: _c23cm (Hb) _bb&w photos |
||
| 500 | _aIncludes bibliographical references and index | ||
| 942 |
_2ddc _cEN _mFUR _h230.5513 |
||
| 999 |
_c37488 _d37488 |
||